000 00316nam a22001457a 4500
008 210309b ||||| |||| 00| 0 eng d
020 _a2901587133182
041 _aeng
080 _a004
082 _a004
100 _a28
101 _aSHKI
245 _aRouting and Switching Essentials
_cCNA
942 _2udc
_cBK
999 _c56080
_d56080